Việt Nam thế kỷ X: Những mảnh vỡ lịch sử

Tập hợp một số bài nghiên cứu mang quan điểm của tác giả về lịch sử Việt Nam vào thế kỷ X: Thời điểm kết thúc nghìn năm Bắc thuộc, huyền sử Đường Lâm - Sơn Tây, Đinh Bộ Lĩnh và loạn Ngô Xử Bình, có hay không loạn 12 sứ quân...; Thư m...

Descripció completa

Guardat en:
Dades bibliogràfiques
Autor principal: Trần, Trọng Dương
Format: Llibre
Idioma:Undetermined
Publicat: H. Đại học Sư phạm 2019
Matèries:
Accés en línia:http://lrc.tdmu.edu.vn/opac/search/detail.asp?aID=2&ID=40564
Etiquetes: Afegir etiqueta
Sense etiquetes, Sigues el primer a etiquetar aquest registre!
Thư viện lưu trữ: Trung tâm Học liệu Trường Đại học Thủ Dầu Một
LEADER 01054nam a2200205Ia 4500
001 TDMU_40564
008 210410s9999 xx 000 0 und d
082 |a 371.53 
090 |b TR121 
100 |a Trần, Trọng Dương 
245 0 |a Việt Nam thế kỷ X: Những mảnh vỡ lịch sử 
245 0 |c Trần Trọng Dương 
260 |a H. 
260 |b Đại học Sư phạm 
260 |c 2019 
300 |a 439tr. 
520 |a Tập hợp một số bài nghiên cứu mang quan điểm của tác giả về lịch sử Việt Nam vào thế kỷ X: Thời điểm kết thúc nghìn năm Bắc thuộc, huyền sử Đường Lâm - Sơn Tây, Đinh Bộ Lĩnh và loạn Ngô Xử Bình, có hay không loạn 12 sứ quân...; Thư mục: tr. 399-439 
650 |a Việt Nam  |x Lịch sử  |y Thế kỷ X 
856 |u http://lrc.tdmu.edu.vn/opac/search/detail.asp?aID=2&ID=40564 
980 |a Trung tâm Học liệu Trường Đại học Thủ Dầu Một